000
00280nam a22001217a 4500
008
170621b xxu||||| |||| 00| 0 eng d
041
_a
eng
080
_a
94(7/8)
100
_a
18
101
_a
SHH
245
_a
RELIGION IN AMERICA SINCE A HISTORY
_c
ALLIT.P
942
_2
udc
_c
BK
999
_c
18407
_d
18407